[Event "Carlsen - Predojevic Rapid Match"]
[Site "Lillehammer NOR"]
[Date "2013.06.28"]
[EventDate "2013.06.28"]
[Round "2"]
[Result "1/2-1/2"]
[White "Magnus Carlsen"]
[Black "Borki Predojevic"]
[WhiteElo "2864"]
[BlackElo "2616"]
[PlyCount "82"]

1. d4 d5 2. c4 c6 3. e3 Bf5 4. cxd5 cxd5 5. Qb3 Qc7 6. Bb5+
Nd7 7. Nc3 e6 8. Nf3 Nf6 9. Ne5 a6 10. Bd3 Bxd3 11. Nxd3 Bd6
12. Bd2 Qc4 13. Ke2 Qxb3 14. axb3 Ke7 15. f3 Rhd8 16. b4 e5
17. g4 exd4 18. exd4 Nb6 19. Nc5 Rab8 20. b5 Nc4 21. Bg5 Bxc5
22. dxc5 d4 23. Ne4 d3+ 24. Kf2 Nxb2 25. c6 bxc6 26. bxc6 Rb6
27. Nxf6 gxf6 28. Rhe1+ Kd6 29. Bxf6 Rc8 30. Reb1 Rcxc6
31. Rxb2 Rxb2+ 32. Bxb2 Rc2+ 33. Ke3 Rxb2 34. Rxa6+ Ke7
35. Rh6 d2 36. Ke2 Rb3 37. Rh3 Rd3 38. Kd1 Kf6 39. Rxh7 Rxf3
40. Kxd2 Kg6 41. Rh8 f5 1/2-1/2

[Event "Online Simul"]
[Site "Chess.com"]
[Date "2014.12.14"]
[EventDate "?"]
[Round "?"]
[Result "0-1"]
[White "Magnus Carlsen"]
[Black "Stepan Osinovsky"]
[WhiteElo "2862"]
[BlackElo "2360"]
[PlyCount "82"]

1.d4 Nf6 2.Bg5 c5 3.d5 Ne4 4.Bc1 e6 5.c4 b5 6.cxb5 Qa5+ 7.Nd2
exd5 8.e3 a6 9.bxa6 Nxa6 10.Nf3 Be7 11.Be2 O-O 12.O-O Bb7
13.Ne5 Qc7 14.Nxe4 Qxe5 15.Ng3 g6 16.Bd2 Bf6 17.Bf3 Bc6 18.Bc3
d4 19.exd4 cxd4 20.Re1 dxc3 21.Rxe5 cxb2 22.Rb1 Bxe5 23.Bxc6
dxc6 24.Ne4 Nb4 25.f4 Rfd8 26.Qb3 Bd4+ 27.Kf1 Rab8 28.Rxb2 Na6
29.Qc4 Rxb2 30.Qxa6 Bg7 31.Ke1 h6 32.a4 Kh7 33.Qxc6 Rdb8
34.Nf6+ Kh8 35.Nd7 R8b3 36.Qa8+ Kh7 37.Qd5 Ra3 38.Qd1 Rxg2
39.Kf1 Rxh2 40.Kg1 Raa2 41.Qd5 Rhd2 0-1

[Event "Die Zeit 70th anniversary simul, 70b"]
[Site "Hamburg GER"]
[Date "2016.02.20"]
[EventDate "?"]
[Round "?"]
[Result "1/2-1/2"]
[White "Magnus Carlsen"]
[Black "Dieter Steinwender"]
[WhiteElo "2844"]
[BlackElo "1955"]
[PlyCount "65"]

1.c4 Nf6 2.Nc3 c5 3.Nf3 d5 4.cxd5 Nxd5 5.e3 Nc6 6.Bb5 e6 7.Ne5
Bd7 8.Bxc6 Bxc6 9.Nxc6 bxc6 10.O-O Bd6 11.Ne4 Bxh2+ 12.Kxh2
Qh4+ 13.Kg1 Qxe4 14.d3 Qh4 15.Qc2 O-O 16.Qxc5 Nf6 17.f3 Rab8
18.e4 Nh5 19.Bg5 Qg3 20.Bc1 Qh4 21.Qg5 Qxg5 22.Bxg5 Rxb2
23.Rf2 Rfb8 24.Rxb2 Rxb2 25.a4 Ng3 26.Be3 a6 27.Kh2 Ne2 28.a5
Kf8 29.Re1 e5 30.Bc1 Ra2 31.Be3 Rb2 32.Bc1 Ra2 33.Be3 1/2-1/2

[Event "Isle of Man Masters"]
[Site "Douglas IMN"]
[Date "2017.09.24"]
[EventDate "2017.09.23"]
[Round "2.1"]
[Result "0-1"]
[White "Eugene Perelshteyn"]
[Black "Magnus Carlsen"]
[WhiteElo "2524"]
[BlackElo "2827"]
[PlyCount "98"]

1. d4 g6 2. e4 d6 3. Nc3 Bg7 4. Be3 a6 5. Nf3 b5 6. Bd3 Nd7
7. e5 Bb7 8. e6 fxe6 9. Ng5 Nf8 10. O-O Qd7 11. Re1 Nf6 12. a4
b4 13. Na2 Qxa4 14. Qe2 h6 15. Nf3 Kf7 16. Bd2 b3 17. Nc3 Qd7
18. cxb3 Rb8 19. Ra3 Nd5 20. Ne4 Kg8 21. h4 Qe8 22. Bxa6 Bxa6
23. Qxa6 Bf6 24. Qc4 Nd7 25. Nc3 N7b6 26. Qe2 Qf7 27. Ne4 Rf8
28. Nxf6+ exf6 29. Qxe6 Qxe6 30. Rxe6 Kf7 31. Re1 Rb8 32. Rc1
Nc8 33. Ne1 Nce7 34. Nd3 g5 35. hxg5 hxg5 36. b4 Rh4 37. Bc3
Rbh8 38. g3 Rh1+ 39. Kg2 R8h2+ 40. Kf3 g4+ 41. Kxg4 Rxc1
42. Nxc1 Rxf2 43. Be1 f5+ 44. Kh3 Rxb2 45. Nd3 Rc2 46. b5 Nf6
47. Rb3 Re2 48. b6 cxb6 49. Rxb6 Ne4 0-1

[Event "Isle of Man Masters"]
[Site "Douglas IMN"]
[Date "2017.09.25"]
[EventDate "2017.09.23"]
[Round "3.1"]
[Result "1-0"]
[White "Magnus Carlsen"]
[Black "Jeffery Xiong"]
[WhiteElo "2827"]
[BlackElo "2633"]
[PlyCount "65"]

1. Nf3 c5 2. c3 Nf6 3. d4 e6 4. Bg5 d5 5. e3 h6 6. Bh4 Nc6
7. Nbd2 a6 8. Bd3 Be7 9. O-O Nd7 10. Bxe7 Nxe7 11. Ne5 cxd4
12. exd4 Nxe5 13. dxe5 Bd7 14. Re1 Rc8 15. Nf3 b5 16. h4 a5
17. a3 Qb6 18. Qd2 b4 19. cxb4 axb4 20. a4 Ra8 21. b3 O-O
22. Rac1 Rfc8 23. h5 Kf8 24. g4 Rc3 25. g5 hxg5 26. Rxc3 bxc3
27. Qxg5 Nf5 28. Bxf5 exf5 29. e6 Bxe6 30. h6 gxh6 31. Qf6 Kg8
32. Qxh6 Qb4 33. Kh1 1-0

[Event "Isle of Man Masters"]
[Site "Douglas IMN"]
[Date "2017.09.26"]
[EventDate "2017.09.23"]
[Round "4.1"]
[Result "1/2-1/2"]
[White "Rustam Mashrukovich Kasimdzhanov"]
[Black "Magnus Carlsen"]
[WhiteElo "2676"]
[BlackElo "2827"]
[PlyCount "144"]

1. e4 Nc6 2. Nf3 d6 3. d4 Nf6 4. d5 Nb8 5. Bd3 g6 6. O-O Bg7
7. c4 O-O 8. Nc3 Bg4 9. Be2 Nfd7 10. Bg5 a5 11. Nd2 Bxe2
12. Qxe2 c6 13. Kh1 a4 14. a3 Nc5 15. f4 Nbd7 16. Nf3 Qc7
17. Rad1 Rae8 18. f5 Qa5 19. Na2 Nf6 20. Nd2 Ncd7 21. Nf3 Nc5
22. Nd2 Ncd7 23. Nf3 Rc8 24. Nb4 Rfe8 25. Bd2 Qc7 26. dxc6
bxc6 27. Bc3 e5 28. Nd2 Nc5 29. Rf3 Nh5 30. g3 Bh6 31. Rdf1
Qe7 32. Nd3 Nxd3 33. Rxd3 Nf6 34. Rdf3 Rf8 35. c5 d5 36. exd5
cxd5 37. fxg6 fxg6 38. Qxe5 Qxe5 39. Bxe5 Nd7 40. Rxf8+ Bxf8
41. Bd4 Nxc5 42. Rc1 Bh6 43. Bxc5 Bxd2 44. Rd1 Rxc5 45. Rxd2
Kf7 46. Rd4 Ke6 47. Rxa4 Rc2 48. Kg1 Rxb2 49. Rh4 Rb7 50. Kf2
Kd6 51. Ke3 Kc5 52. Kd3 Rb3+ 53. Kc2 Rxa3 54. Rxh7 Kc4
55. Rc7+ Kd4 56. Rc6 Ra2+ 57. Kb3 Rxh2 58. Rxg6 Kd3 59. g4 d4
60. g5 Rg2 61. Rh6 Ke2 62. Rh1 Rg3+ 63. Kb2 Rxg5 64. Rh2+ Kd3
65. Rh3+ Kc4 66. Kc2 Rg2+ 67. Kd1 Rb2 68. Rg3 Rh2 69. Rf3 Rh1+
70. Kd2 Rh2+ 71. Kd1 Rh1+ 72. Kd2 Rh2+ 1/2-1/2

[Event "London Chess Classic"]
[Site "London ENG"]
[Date "2017.12.11"]
[EventDate "2017.11.29"]
[Round "9"]
[Result "0-1"]
[White "Levon Aronian"]
[Black "Magnus Carlsen"]
[WhiteElo "2805"]
[BlackElo "2837"]
[PlyCount "106"]

1. d4 e6 2. Nf3 c5 3. g3 cxd4 4. Nxd4 Qb6 5. Bg2 Bc5 6. e3 d5
7. Qg4 Bf8 8. O-O Nf6 9. Qe2 e5 10. Qb5+ Bd7 11. Qxb6 axb6
12. Nb3 Nc6 13. Bd2 Bd6 14. Nc3 Ne7 15. a4 O-O 16. Nb5 Bxb5
17. axb5 Rac8 18. Bc3 h5 19. Rfd1 Rfd8 20. Nd2 h4 21. Nf3 hxg3
22. hxg3 e4 23. Ng5 Ng6 24. Ra7 Rb8 25. Bd4 Bc5 26. Bxc5 bxc5
27. c4 Ne7 28. cxd5 Nc8 29. Ra4 Nb6 30. Ra3 Nc4 31. Rc3 Nd6
32. Rxc5 Ra8 33. Bh3 Re8 34. Rc7 Kf8 35. b6 Re5 36. Ne6+ fxe6
37. dxe6 Nfe8 38. Rd7 Raa5 39. b4 Rad5 40. Ra1 Rb5 41. Ra8
Rxb6 42. Bg4 Rd5 43. Kg2 Rxb4 44. Ra1 Rbb5 45. Be2 Rb2 46. Bg4
Rdd2 47. Kh3 Rxf2 48. Kh4 Rh2+ 49. Bh3 g5+ 50. Kh5 Rxh3+
51. Kg6 Rf2 52. e7+ Kg8 53. Rxd6 Rh7 0-1

[Event "Biel"]
[Site "Biel SUI"]
[Date "2018.08.01"]
[EventDate "2018.07.22"]
[Round "10.2"]
[Result "1-0"]
[White "Magnus Carlsen"]
[Black "Nico Georgiadis"]
[WhiteElo "2842"]
[BlackElo "2526"]
[PlyCount "93"]

1. e4 c5 2. Na3 g6 3. Nf3 Bg7 4. c3 d5 5. exd5 Qxd5 6. Bc4
Qe4+ 7. Kf1 Be6 8. Qa4+ Nd7 9. d4 Nf6 10. Bg5 Bxc4+ 11. Qxc4
Qd5 12. Re1 e6 13. Bxf6 Nxf6 14. Qb5+ Nd7 15. Ne5 a6 16. Qc4
Nxe5 17. dxe5 Rd8 18. Qxd5 Rxd5 19. f4 g5 20. fxg5 Ke7 21. h4
Rxe5 22. Rxe5 Bxe5 23. Ke2 b5 24. Nc2 Rd8 25. Ne1 c4 26. Nf3
Bg7 27. Nd2 h6 28. Ne4 hxg5 29. hxg5 Rd5 30. a3 a5 31. Re1 Be5
32. g3 Kf8 33. Kf3 Kg7 34. Kg4 Kg6 35. Rf1 Rd3 36. Rf3 Rd1
37. Rf2 Rd5 38. Nd2 Bc7 39. Nf3 Bd8 40. Nh4+ Kg7 41. Nf3 Bb6
42. Re2 Bc7 43. Re4 Bd6 44. Rd4 Rxd4+ 45. Nxd4 b4 46. a4 b3
47. Nf3 1-0

[Event "World Rapid Championship"]
[Site "St Petersburg RUS"]
[Date "2018.12.27"]
[EventDate "2018.12.26"]
[Round "7.1"]
[Result "1-0"]
[White "Alexander Zubov"]
[Black "Magnus Carlsen"]
[WhiteElo "2597"]
[BlackElo "2835"]
[PlyCount "131"]

1. d4 d5 2. c4 e6 3. Nc3 Bb4 4. e3 Nf6 5. Ne2 c6 6. a3 Ba5
7. Ng3 O-O 8. Bd3 dxc4 9. Bxc4 e5 10. O-O Nbd7 11. Ba2 Bc7
12. d5 cxd5 13. Bxd5 Nxd5 14. Nxd5 Nb6 15. Nxc7 Qxc7 16. Bd2
Rd8 17. Rc1 Qe7 18. Bb4 Rxd1 19. Bxe7 Rd2 20. Rfd1 Rxd1+
21. Rxd1 Be6 22. Ne4 f6 23. Nc5 Kf7 24. Bd6 Nc4 25. Nxb7 Nxb2
26. Rc1 Nc4 27. Bc5 Kg6 28. h3 a5 29. Nd6 Nb2 30. Bb6 Ra6
31. Bc7 h5 32. h4 Ra7 33. Rc5 a4 34. Kf1 Nd3 35. Rc3 Bb3
36. Nc8 Ra6 37. Ke2 Nb2 38. Nd6 Kh7 39. Rc5 Kg6 40. e4 Ra7
41. g3 Bd1+ 42. Ke3 Kh7 43. f3 Bb3 44. f4 Be6 45. fxe5 fxe5
46. Kd2 Bg4 47. Nf7 Nd1 48. Ng5+ Kg8 49. Bxe5 Nf2 50. Rb5 Rd7+
51. Kc3 Kf8 52. Rb8+ Ke7 53. Rg8 Rd3+ 54. Kb4 Rb3+ 55. Kxa4
Bd1 56. Rxg7+ Ke8 57. Ka5 Rxa3+ 58. Kb6 Rb3+ 59. Kc7 Ng4
60. Bd4 Rb5 61. Kd6 Bb3 62. Ra7 Rb8 63. Ne6 Bxe6 64. Kxe6 Kf8
65. Rh7 Re8+ 66. Kf5 1-0

[Event "Lindores Abbey Stars"]
[Site "Newburgh SCO"]
[Date "2019.05.25"]
[EventDate "2019.05.25"]
[Round "3.1"]
[Result "1-0"]
[White "Magnus Carlsen"]
[Black "Viswanathan Anand"]
[WhiteElo "2861"]
[BlackElo "2774"]
[PlyCount "62"]

1. d4 Nf6 2. c4 e6 3. Nc3 Bb4 4. e3 O-O 5. Bd3 d5 6. cxd5 exd5 7. Ne2 Re8 8. Bd2
b6 9. O-O Bd6 10. Rc1 c5 11. Nb5 Bf8 12. f3 Nc6 13. Kh1 Bb7 14. a3 g6 15. Bb1
Rc8 16. Ba2 a6 17. Nbc3 Bg7 18. dxc5 bxc5 19. Be1 d4 20. Na4 Nd7 21. Bxf7+ Kxf7
22. Qb3+ Kf8 23. Qxb7 Rxe3 24. Ng3 Nce5 25. Bd2 Rd3 26. Ne4 Rb8 27. Qd5 Rxd2 28.
Nxd2 Nd3 29. Rc2 Qe7 30. Ne4 Nf4 31. Qc4 1-0